Mixed Word: 5 Letter A-Z XVII Quiz Stats

Quiz Updated Sep 30, 2017

Challenge
Share
Tweet
Embed
Score 0/26 Timer 03:00
6 Plays Today
Scramble Unscramble % Correct
ACNDYCANDY
99.1%
DDDYADADDY
98.9%
ERAILARIEL
96.9%
NREVENEVER
95.3%
AEPLMMAPLE
95%
RWEPOPOWER
92.4%
GEJORJORGE
91.3%
KNIEVKEVIN
89.1%
TERIWWRITE
89.1%
YHKOEHOKEY
88.1%
DLLEALADLE
87.7%
TAWNITWAIN
84.5%
RIIQAIRAQI
83.2%
Scramble Unscramble % Correct
TQARAQATAR
83%
VXXXIXXXVI
82.9%
CESRWSCREW
82.4%
RAEGBBARGE
81.1%
FEALKFLAKE
79.4%
ORDNARADON
71.6%
TPZOZZZTOP
69.9%
LAYTAYALTA
59%
TAROGGATOR
58.2%
RASLUURALS
53%
TREEHETHER
50.2%
ETVASVESTA
49%
AOLFFOFFAL
48.8%

You're not logged in!

Compare scores with friends on all Sporcle quizzes.
Sign Up with Email
OR
Log In

You Might Also Like...

Show Comments

Extras

Top Quizzes Today


Score Distribution

Your Account Isn't Verified!

In order to create a playlist on Sporcle, you need to verify the email address you used during registration. Go to your Sporcle Settings to finish the process.